| 000 | 00462 a2200121 4500 | ||
|---|---|---|---|
| 020 | _a8185589437 | ||
| 082 | _a553 TAL | ||
| 100 | _aTalapatra, Ashoke K. | ||
| 245 |
_aModelling and geochemical exploration of mineral deposits : _ba treatise on exploration of concealed land and offshore deposits / _cAshoke K. Talapatra. |
||
| 260 |
_aNew Delhi : _bCapital Pub. Co., _cc2006. |
||
| 300 |
_axiv, 170 p : _bill.; _c25 cm. |
||
| 520 | _aChiefly with reference to India. | ||
| 650 |
_aMinerals _zIndia. |
||
| 999 |
_c692 _d692 |
||